|
|
|
|
| LEADER |
01563nam a2200301 u 4500 |
| 001 |
10007957 |
| 003 |
GR-PaULI |
| 005 |
20210117204028.0 |
| 008 |
881025m19951997us eng |
| 952 |
|
|
|0 0
|1 0
|2 ddc
|3 τ.1
|4 0
|6 Π_621_360000000000000_HAN
|7 0
|9 132929
|a LISP
|b LISP
|c REF
|d 2016-04-24
|i 30231
|l 0
|o Π 621.36 HAN
|p 025000002552
|r 2016-04-24 00:00:00
|t 1
|v 2016.00
|w 2016-04-24
|y BKN
|
| 952 |
|
|
|0 0
|1 0
|2 ddc
|3 τ.1
|4 0
|6 Π_621_360000000000000_HAN
|7 0
|9 132930
|a LISP
|b LISP
|c REF
|d 2016-04-24
|i 39874
|l 0
|o Π 621.36 HAN
|p 025000000683
|r 2016-04-24 00:00:00
|t 2
|v 2016.00
|w 2016-04-24
|y BK15
|
| 999 |
|
|
|c 87088
|d 87088
|
| 020 |
|
|
|a 084932484X
|q (τ.1)
|
| 040 |
|
|
|a GR-PaULI
|c GR-PaULI
|b gre
|e AACR2
|
| 082 |
0 |
4 |
|a 621.36
|2 23
|
| 245 |
0 |
0 |
|a Handbook of optical properties /
|c edited by Rolf E. Hummel, Karl H. Guenther.
|
| 260 |
|
|
|a Boca Raton :
|b CRC Press,
|c 1995-1997.
|
| 300 |
|
|
|a 2 τ. :
|b εικ. ;
|c 26 εκ.
|
| 500 |
|
|
|a τ. 1. - 361 σ. - 1995. --
|
| 504 |
|
|
|a Περιλαμβάνει βιβλιογραφικές παραπομπές.
|
| 505 |
0 |
|
|a τ. 1. Thin films for optical coatings. -- τ. 2. Optics of small particles, interfaces, and surfaces / edited by Rolf E. Hummel, P. Wissmann.
|
| 650 |
|
4 |
|a Οπτικές ιδιότητες
|9 47921
|
| 650 |
|
4 |
|a Φωτοελαστικότητα
|9 104246
|
| 700 |
1 |
|
|a Guenther, Karl H.
|4
|9 120902
|e επιμελητής.
|
| 700 |
1 |
|
|a Wissmann, P.
|9 182111
|e επιμελητής.
|d 1936-
|q (Peter),
|
| 700 |
1 |
|
|a Hummel, Rolf E.,
|d 1934-
|4
|e επιμελητής.
|9 47876
|
| 942 |
|
|
|2 ddc
|c BKN
|
| 998 |
|
|
|c ΜΠΟΥΡΑΣ
|d 2020-08
|